000 00374 a2200157 4500
001 192459
020 _a
040 _cMagnum
100 _aAudy, Jorge Kotick
240 1 0 _aToolbox 360°: guia de dinâmicas e técnicas
_lpor
245 1 0 _aToolbox 360°: guia de dinâmicas e técnicas
300 _a175
362 0 _a2015
697 _aLITERATURA GERAL
942 _cBK
999 _c192459
_d192459